00293nam a2200109Ia 4500008004100000082001400041100001400055245004400069260003900113300000800152650002300160191201s2019 xx 000 0 und d a615.1 BHH aBHISE,S.B 0aHealth education and community pharmacy bNirali PrakashanaNew Delhi c2019 a166 aCommunity Pharmacy